Statistiques concernant La réponse est un footballeur

Cliquez ici pour prendre le quiz!

Statistiques générales

  • Ce quiz a été pris 2 720 fois
  • Le résultat moyen est 9 sur 20

Statistiques - réponses

IndiceRéponse% Correct
Partie supérieure du corps humain contenant le cerveauTetê
80%
Fils de Dieu dans la religion chrétienneGabriel Jesus
78%
Qui est d'une couleur analogue à celle de la neigeLaurent Blanc
71%
Dont la taille est inférieure à la moyenneEmmanuel Petit
68%
"Chanson" en anglaisAlexandre Song
66%
Qui ne se déplace pas, reste sans bougerCiro Immobile
64%
Étage supérieur d'une maison particulière, sous les combles, qui sert généralement de débarrasClément Grenier
64%
Personne dont le conjoint est infidèlePhilip Cocu
62%
Président du LibériaGeorge Weah
59%
Prénom du réalisateur d'AvatarReece James
51%
Extrémité inférieure du corps humain articulée à la jambe, permettant la station verticale et la marcheJeremy Pied
43%
Libérateur désigné et envoyé par DieuLionel Messi(e)
41%
Troisième ville la plus peuplée de SuisseGareth Bale
33%
Personne qui possède, exploite un moulin à céréales, ou qui fabrique de la farineThomas Meunier
32%
Jeu de cartes consistant à réunir des combinaisons de cartes qu'on étale sur la tableAdil Rami
16%
Plus haute montagne de Martinique, dont l'éruption a entraîné la destruction de la ville de Saint-PierrePelé(e)
15%
Chanteuse française auteure de "Amoureuse" par exemple (Nom de famille seulement)Morgan Sanson
6%
Relatif à la guerre, à la force arméeAnthony Martial
4%
Un peu fou (familier)Gerard Piqué
4%
Construction d'où sortent des eaux amenées par canalisationJust Fontaine
3%

Distribution des résultats

Percentile par nombre de réponses

% des personnes avec chaque résultat

Votre développement - résultats

Vous n’avez pas pris ce quiz